Československý vojenský atlas seznam názvů
Gespeichert in:
| Format: | Buch |
|---|---|
| Sprache: | Tschechisch |
| Veröffentlicht: |
Praha
Naše vojsko
1966
|
| Tags: |
Keine Tags, Fügen Sie das erste Tag hinzu!
|
MARC
| LEADER | 00000nam a2200000 4500 | ||
|---|---|---|---|
| 001 | c122650 | ||
| 005 | 20241211105306.7 | ||
| 041 | 0 | |a cze | |
| 044 | |a CZ | ||
| 245 | 1 | 0 | |a Československý vojenský atlas |b seznam názvů |c Red. Jan Klíma |
| 264 | 1 | |a Praha |b Naše vojsko |c 1966 | |
| 300 | |a 256 s. | ||